00478nam a2200181 a 450000100060000000300090000600800410001502000150005604000280007108200170009910000210011624500380013725000060017526000520018130000100023349000290024365000240027211128CO-ViMGA141112s2004 ck r 000 u spa d a9586480909 aCO-ViMGAbspacCO-ViMGA04aCo863.6 I74h1 aIriarte, Rogelio10aUn hilo de sangre por la escalera a1 aSantafé de Bogotá, cEcoe ediciones, c1995 a75 p. aCronica negra Colombiana14aCUENTOS COLOMBIANOS